000 00947cam a2200313 a 4500
001 3980299
003 LC
005 20160316101248.0
008 950810s1995 nyu 000 1 eng
010 _a 95037300
020 _a0061094226
040 _aDLC
_cDLC
_dDLC
043 _an-us-fl
050 0 0 _aPS 3573.O642
_b.W894 1996
082 0 0 _aFIC
_bW86c 1996
100 1 _aWoods, Stuart.
_919286
245 1 0 _aChoke /
_cStuart Woods.
250 _a1st ed.
260 _aNew York :
_bHarperCollins Publishers,
_cc1996.
300 _a280 p. :
_c18 cm.
650 0 _aTennis players
_xFiction.
_919289
651 0 _aKey West (Fla.)
_xFiction.
_919290
655 7 _aDetective and mystery stories.
_2gsafd
_93472
655 7 _aTennis stories.
_2lcsh
_919291
906 _a7
_bcbc
_corignew
_d1
_eocip
_f19
_gy-gencatlg
942 _2lcc
_cBK
999 _c11201
_d11201